000 00950nam a2200277Ia 4500
003 OSt
005 20221005052624.0
006 a|||||r|||| 00| 0
007 ta
008 221004b |||||||| |||| 00| 0 eng d
020 _a1844071359
_c1910.58
024 _a82951
037 _b77795, 30/03/2005, International Book Distributors
_cTextual
040 _aCRL
_cCRL
_beng
041 _2eng
_aeng
082 _aD85.63, P5
100 _aMcDonald David A. Ed.
_9596914
245 0 _aAge of commodity
_b Water privatization in Southern Africa edited by David A. McDonald and Greg Ruiters
260 _aLondon
_bEarth Scan U. K.
_c2005
300 _a303p.
_ccm.
650 _a ENGINEERING
650 _aWATER CONSERVATION
_933907
700 _a Ruiters Greg Ed.
_9596915
942 _hD85.63, P5
_cTEXL
_2cc
999 _c960710
_d960710